000 00182 a2200097 4500
020 _a9780822577317
041 _aspa
100 _aSandra Markle
245 _aLos Buitres
942 _cBK
999 _c14651
_d14651